000 00274nam a22000977a 4500
020 _a978-1394221127
040 _cNUST
082 _a624.068
_bMUB
245 _aProject Management in the Construction Industry: From Concept to Completion by Saleh A. Mubarak
942 _2ddc
_cBK
999 _c616350
_d616350